| 000 | 00859nas a2200289 4500 | ||
|---|---|---|---|
| 001 | BR2015003026 | ||
| 003 | BR-BrBNA | ||
| 005 | 20231205125341.0 | ||
| 007 | ta | ||
| 008 | 230509b bl.|||p| |||| 00| 00por d | ||
| 040 |
_aBR-BrBNA _bpor _cBiblioteca Nacional de Agricultura |
||
| 041 | _a(Pt) | ||
| 072 | _aF01 | ||
| 100 | 1 | _aSilva, G.O. | |
| 100 | 1 | _aPereira, A.S. | |
| 100 | 1 | _aSuinaga, F.A. | |
| 100 | 1 | _aPonijaleki, R. | |
| 100 | 1 | _aCarvalho, A.D.F. | |
| 245 | 1 | _aRendimento de tubérculos de um clone de batata em função da época de dessecação | |
| 650 | _aBATATA | ||
| 650 | _aCLONE | ||
| 650 | _aDESIDRATAÇÃO | ||
| 650 | _aPRÁTICA CULTURAL | ||
| 773 | 0 |
_tHorticultura Brasileira (Brazil) _xISSN 0102-0536 _g(Jan-Mar 2015), v. 33(1) p. 80-83 _wBR2015003026 |
|
| 909 |
_a202311 _bLúcia _c55 _dLúcia Elande |
||
| 942 |
_2AGRIS _n0 _cANA |
||
| 999 |
_c243922 _d243922 |
||